• 首页
  • 本馆介绍
  • 公告通知
  • 最新文献
  • 馆藏检索
  • 电子资源
  • 读者导购
  • 参考咨询
  • 我的图书馆
  • 登录
  • 详细信息显示
  • 放入我的书架
  • 预约/预借图书
  • 作者相关作品
  • 分类相关作品
  • 丛书相关作品
  • 出版社相关作品

书目信息

  • 表格格式
  • 工作单格式
  • 卡片格式
题名:
学习《关于建国以来党的若干历史问题的决议》讲座
    
 
作者: ;中共上海市委宣传部 编
分册:  
出版信息: 上海   上海人民出版社  1981.10
页数: 148页
开本: 19cm
丛书名:
单 册:
中图分类: D641.0
科图分类:
主题词: 政治--中国
电子资源:
ISBN:
000 00666nam0 2200193 45
001 0302251539
005 20060731092230.95
010    @dCNY0.31
091    @a3074.612
100    @a20030225d1981 km y0chiy0120 ea
101 0  @achi
200 1  @a学习《关于建国以来党的若干历史问题的决议》讲座@AXue Xi《Guan Yu Jian Guo Yi Lai Dang De Ruo Gan Li Shi Wen Ti De Jue Yi》Jiang Zuo@f中共上海市委宣传部编@FZhong Gong Shang Hai Shi Wei Xuan Chuan Bu Bian
210    @a上海@c上海人民出版社@d1981.10
215    @a148页@d19cm
606 0  @a政治@x中国
690    @aD641.0@v3
711 02 @a中共上海市委宣传部@4编
801    @aCN@bTSTC@c20060731
905    @dD641.0@e5@f1@b54275@b54272@f1
    
    学习《关于建国以来党的若干历史问题的决议》讲座/中共上海市委宣传部编.-上海:上海人民出版社,1981.10
    148页;19cm
    
    
    ISBN :CNY0.31
    
●
相关链接 在E读中查询图书 在五车中查询图书 在当当中查询图书 在豆瓣中查询图书


正题名:学习《关于建国以来党的若干历史问题的决议》讲座     索取号:D641.0/5         预约/预借

序号 登录号 条形码 馆藏地/架位号 状态 备注
1 0054271   001753864   密集书库/ [索取号:D641.0/5] 在馆    
2 0054272   001764175   密集书库/ [索取号:D641.0/5] 在馆    
3 0054275   001764219   密集书库/ [索取号:D641.0/5] 在馆    
4 0424348   204243489   密集书库/ [索取号:D641.0/5] 在馆    
5 0425468   204254680   密集书库/ [索取号:D641.0/5] 在馆    
6 0425509   204255091   密集书库/ [索取号:D641.0/5] 在馆    
7 0440734   204407347   密集书库/ [索取号:D641.0/5] 在馆    
唐山师范学院图书馆 欢迎您!
大连网信软件有限公司© 版权所有